| 000 | 00629nam a2200181 i 4500 | ||
|---|---|---|---|
| 001 | 141346 | ||
| 003 | ES-MaACL | ||
| 005 | 20230906200256.0 | ||
| 007 | t| | ||
| 008 | 070921s1905 sp ||||1| spa d | ||
| 100 | 1 |
_aWillems, P. _9116892 |
|
| 245 | 1 | 3 |
_aLa seda artificial _b: celulosa y fabricación de la seda artificial / _cpor P. Willems ; traducción y notas de M. Rodríguez Navas. |
| 260 |
_aMadrid : _b[s.n.], _c1905 ( _fBailly Ballière) |
||
| 300 |
_a171 p. ; _c18 cm. |
||
| 500 | _aPrecede al tít.: Biblioteca industrial y agrícola. | ||
| 700 | 2 |
_aRodríguez-Navas, Manuel. _9131977 |
|
| 852 |
_aES-MaACL _jA-4744 |
||
| 999 |
_c141346 _d141346 |
||